Tilastot visalle Oseanian valtiot

Klikkaa tästä pelataksesi tätä visaa!

Yleistilastot

  • Tätä visaa on pelattu 7 498 kertaa
  • Keskiarvotulos 11 / 14

Vastaukset kartalla

Vastauksille on annettu kartalla punavihreä väri sen mukaan, kuinka moni on saanut sen oikein.
Ladataan ...
 

Vastaustilastot

Valtio% Oikein
Australia
99%
Uusi-Seelanti
96%
Papua-Uusi-Guinea
88%
Nauru
84%
Mikronesia
75%
Fidži
74%
Tuvalu
73%
Vanuatu
70%
Marshallinsaaret
69%
Salomonsaaret
68%
Kiribati
67%
Palau
65%
Tonga
65%
Samoa
64%

Tulosjakauma

Persentiili vastausten määrän mukaan

Jokaisen tuloksen saaneiden osuus

Tuloshistoriasi

Et ole pelannut tätä visaa